000 00773nam a2200205Ia 4500
003 GCL
008 140319s9999 xx 000 0 ara d
040 _aGCL /
_cGCL
082 0 4 _a227
_bق ج
100 1 _aمحمد ابراهيم الحفناوى
245 1 0 _aالجامع لاحكام القران /
_cمحمد ابراهيم الحفناوى
700 1 _aالقرطبى : شمس الدين ابوعبدالله محمد بن احمد بن ابى بكر بن فرح الخزرجى الاندلسى
700 1 _aمحمود حامد عثمان
260 _aالقاهرة :
_bدار الحديث ،
_c1994
300 _a22 مج فى 12 جزء ؛
_c24 سم
490 _a
650 0 4 _aالقران
650 0 4 _aالقران - تفاسير
942 _2ddc
_cBK
999 _c37381
_d37381